000 00298nam a22001337a 4500
008 170405b xxu||||| |||| 00| 0 eng d
020 _a9780534151621
041 _aeng
080 _24TH
_a 574
100 _a9
101 _aSHM
245 _aPLANT PHYSIOLOGY
_cSALISBURY, F.B
942 _2udc
_cBK
999 _c9820
_d9820